000 00386nam a2200133Ia 4500
008 220216s9999 xx 000 0 und d
100 _aHill David
245 0 _aUse of fillers in latex dipped articles: How to get more for less ?
260 _bRubber Asia: Margma Special 2014
_c2014
300 _a36,38,40,42,44
650 _aFillers
650 _aLatex dipped articles
942 _cJS
999 _c71836
_d71836